LDR 01065nam a2200253 i 4500 001 000000122076 003 CaOOAMICUS 005 20260325145726.0 008 040121s1918 xxk u000 u eng u 013 $a94771 040 $aSeMil$bita 100 1 $aMoffatt, James.$0(OLS)http://semarc/name/50750 245 13$aAn introduction to the literature of the New Testament /$cby James Moffatt. 250 $a3. and revised ed. 260 $aEdinburgh :$bT. & T. Clark,$c1918. 300 $aXXXIX, 659 p. :$bill. ;$c22 cm. 490 1 $aThe international theological library 650 4$aBibbia. Nuovo Testamento - Introduzioni.$0(OLS)http://semarc/subject/1733 830 4$aThe international theological library.$0(OLS)http://semarc/title/41149 850 $aSeMil 852 $aSeMil$W1$xVenegono$y1$m2VV II 7$j269008$B77105$CSeMilBibl$Z2$F78658 $81 996 $6245$aAn introduction to the literature of the New Testament$9(OLS)http://semarc/title/179869 996 $6260$aEdinburgh :$bT. & T. Clark$9(OLS)http://semarc/publisher/29818